Champions-League-Finals seit 2000 - Statistiken

Allgemein
  • Dieses Quiz wurde 112 mal gespielt
  • Das Durchschnittsergebnis liegt bei 19 aus 26
Antwortstatistiken
Finale Ergebnis % Korrekt
2019/20 FC Bayern München vs Paris Saint-Germain 1:0
91%
2024/25 Paris Saint-Germain vs Inter Mailand 5:0
90%
2023/24 Real Madrid vs Borussia Dortmund 2:0
89%
2020/21 Chelsea FC vs Manchester City 1:0
85%
2012/13: FC Bayern München vs Borussia Dortmund 2:1
85%
2022/23 Manchester City vs Inter Mailand 1:0
83%
2018/19 Liverpool FC vs Tottenham Hotspur 2:0
83%
2021/22 Real Madrid vs Liverpool FC 1:0
82%
2017/18: Real Madrid vs Liverpool FC 3:1
82%
2016/17: Real Madrid vs Juventus 4:1
78%
2014/15: FC Barcelona vs Juventus Turin 3:1
77%
2011/12: FC Bayern München vs Chelsea FC 1:1
74%
2009/10: Inter Mailand vs FC Bayern München 2:0
73%
2001/02: Real Madrid vs Bayer 04 Leverkusen 2:1
71%
2004/05: Liverpool FC vs AC Milan 3:3
71%
2013/14: Real Madrid vs Atletico Madrid 1:1
70%
2010/11: FC Barcelona vs Manchester United 3:1
69%
2015/16: Real Madrid vs Atletico Madrid 1:1
67%
2000/01: FC Bayern München vs Valencia CF 1:1
65%
2007/08: Manchester United vs Chelsea FC 1:1
63%
2008/09: FC Barcelona vs Manchester United 2:0
63%
2005/06: FC Barcelona vs Arsenal FC 2:1
58%
2006/07: AC Mailand vs Liverpool FC 2:1
54%
1999/00: Real Madrid vs Valencia CF 3:0
54%
2003/04 FC Porto vs AS Monaco 3:0
52%
2002/03: AC Mailand vs Juventus 0:0
40%
Keine übereinstimmenden Quizze gefunden
Verteilung der Resultate
Anzahl Personen mit jedem Resultat
Perzentil nach korrekt beantworteten Fragen
Ihre Resultats-Entwicklung
Sie haben dieses Quiz noch nicht gespielt